00489nam a2200193Ia 4500003000900000008004100009040001300050040001300063041000800076100002800084245007300112250001100185260002300196260000900219300001000228300001200238490003900250490000600289IT-RoPAU120407s9999 xx 000 0 und d aIT-RoPAU cIT-RoPAU aita aMaria Marcellina Pedico a"La domenica mariana prenatalizia Note storiche - eucologia attuale" aRovigo aCentro Mariano SMR c1979 a80 p. c19,5 cm aQuaderni di spiritualità mariana v1